MARC details
| 000 -LEADER |
| fixed length control field |
02922cgm a2200625Ia 4500 |
| 001 - CONTROL NUMBER |
| control field |
ocn820738371 |
| 003 - CONTROL NUMBER IDENTIFIER |
| control field |
OCoLC |
| 005 - DATE AND TIME OF LATEST TRANSACTION |
| control field |
20241220133600.0 |
| 008 - FIXED-LENGTH DATA ELEMENTS--GENERAL INFORMATION |
| fixed length control field |
121210p20132012cau121 g vleng d |
| 007 - PHYSICAL DESCRIPTION FIXED FIELD--GENERAL INFORMATION |
| fixed length control field |
vd cvaizk |
| 040 ## - CATALOGING SOURCE |
| Original cataloging agency |
TEFMT |
| Transcribing agency |
TEFMT |
| Modifying agency |
BDX |
| -- |
TEF |
| -- |
TEFMT |
| -- |
IEP |
| -- |
KYB |
| -- |
IHY |
| -- |
UINTA |
| 024 1# - OTHER STANDARD IDENTIFIER |
| Standard number or code |
024543828006 |
| 024 1# - OTHER STANDARD IDENTIFIER |
| Standard number or code |
024543828013 |
| Terms of availability |
(Bilingual packaging) |
| 028 42 - PUBLISHER NUMBER |
| Publisher number |
2282800 |
| Source |
20th Century Fox |
| 028 42 - PUBLISHER NUMBER |
| Publisher number |
2282801 |
| Source |
20th Century Fox (Bilingual packaging) |
| 035 ## - SYSTEM CONTROL NUMBER |
| System control number |
(OCoLC)820738371 |
| 037 ## - SOURCE OF ACQUISITION |
| Source of stock number/acquisition |
Midwest Tape |
| Note |
http://www.midwesttapes.com |
| 041 1# - LANGUAGE CODE |
| Language code of text/sound track or separate title |
eng |
| -- |
spa |
| -- |
fre |
| -- |
eng |
| -- |
spa |
| Language code of original and/or intermediate translations of text |
eng |
| 050 #4 - LIBRARY OF CONGRESS CALL NUMBER |
| Classification number |
PN1997.2 |
| Item number |
.W668 2013 |
| 082 04 - DEWEY DECIMAL CLASSIFICATION NUMBER |
| Classification number |
791.43/72 |
| Edition number |
23 |
| 049 ## - LOCAL HOLDINGS (OCLC) |
| Holding library |
UCLB |
| 092 ## - LOCALLY ASSIGNED DEWEY CALL NUMBER (OCLC) |
| Classification number |
791.437 |
| 245 00 - TITLE STATEMENT |
| Title |
Won't back down |
| Medium |
[videorecording] / |
| Statement of responsibility, etc |
director, Daniel Barnz. |
| 246 3# - VARYING FORM OF TITLE |
| Title proper/short title |
Will not back down |
| 260 ## - PUBLICATION, DISTRIBUTION, ETC. (IMPRINT) |
| Place of publication, distribution, etc |
Beverly Hills, Calif. : |
| Name of publisher, distributor, etc |
20th Century Fox Home Entertainment, |
| Date of publication, distribution, etc |
2013. |
| 300 ## - PHYSICAL DESCRIPTION |
| Extent |
1 videodisc (121 min.) : |
| Other physical details |
sd., col. ; |
| Dimensions |
4 3/4 in. |
| 538 ## - SYSTEM DETAILS NOTE |
| System details note |
DVD, widescreen (2.35:1) presentation; 5.1 Dolby Digital, Dolby surround. |
| 546 ## - LANGUAGE NOTE |
| Language note |
English (5.1), Spanish or French (surround) dialogue; Spanish subtitles; English subtitled for the deaf and hard of hearing; closed captioned; English audio described. |
| 511 1# - PARTICIPANT OR PERFORMER NOTE |
| Participant or performer note |
Holly Hunter, Maggie Gyllenhaal, Viola Davis. |
| 500 ## - GENERAL NOTE |
| General note |
Originally released as a motion picture in 2012. |
| 500 ## - GENERAL NOTE |
| General note |
"Inspired by actual events"--Container. |
| 521 8# - TARGET AUDIENCE NOTE |
| Target audience note |
MPAA rating: PG; for thematic elements and language. |
| 520 ## - SUMMARY, ETC. |
| Summary, etc |
Frustrated by her dyslexic daughter's struggles at a failing inner-city school, Jamie Fitzpatrick tries to enroll her somewhere else. When this fails, Jamie recruits a disillusioned but caring teacher to try to fix the broken school. |
| 500 ## - GENERAL NOTE |
| General note |
Special features: deleted scenes with optional commentary by director ; 'A tribute to teachers' ; The importance of education ; audio commentary with director ; theatrical trailer ; sneak peek. |
| 650 #0 - SUBJECT ADDED ENTRY--TOPICAL TERM |
| Topical term or geographic name as entry element |
Dyslexic children |
| Form subdivision |
Drama. |
| 9 (RLIN) |
6516044 |
| 650 #0 - SUBJECT ADDED ENTRY--TOPICAL TERM |
| Topical term or geographic name as entry element |
Teachers |
| Form subdivision |
Drama. |
| 9 (RLIN) |
5690721 |
| 650 #0 - SUBJECT ADDED ENTRY--TOPICAL TERM |
| Topical term or geographic name as entry element |
Urban schools |
| Form subdivision |
Drama. |
| 9 (RLIN) |
6516045 |
| 650 #7 - SUBJECT ADDED ENTRY--TOPICAL TERM |
| Topical term or geographic name as entry element |
Niños disléxicos |
| Form subdivision |
Teatro |
| Source of heading or term |
bidex |
| 9 (RLIN) |
6516046 |
| 650 #7 - SUBJECT ADDED ENTRY--TOPICAL TERM |
| Topical term or geographic name as entry element |
Maestros |
| Form subdivision |
Teatro |
| Source of heading or term |
bidex |
| 9 (RLIN) |
6516047 |
| 650 #4 - SUBJECT ADDED ENTRY--TOPICAL TERM |
| Topical term or geographic name as entry element |
Drama. |
| 9 (RLIN) |
6245524 |
| 655 #7 - INDEX TERM--GENRE/FORM |
| Genre/form data or focus term |
Feature films. |
| Source of term |
lcgft |
| 9 (RLIN) |
6245525 |
| 655 #7 - INDEX TERM--GENRE/FORM |
| Genre/form data or focus term |
Melodramas (Motion pictures) |
| Source of term |
lcgft |
| 9 (RLIN) |
5696820 |
| 655 #7 - INDEX TERM--GENRE/FORM |
| Genre/form data or focus term |
Fiction films. |
| Source of term |
lcgft |
| 9 (RLIN) |
6245526 |
| 655 #7 - INDEX TERM--GENRE/FORM |
| Genre/form data or focus term |
Video recordings for the hearing impaired. |
| Source of term |
lcgft |
| 9 (RLIN) |
6245527 |
| 655 #7 - INDEX TERM--GENRE/FORM |
| Genre/form data or focus term |
Video recordings for people with visual disabilities. |
| Source of term |
lcgft |
| 9 (RLIN) |
5676923 |
| 700 1# - ADDED ENTRY--PERSONAL NAME |
| Personal name |
Barnz, Daniel, |
| Dates associated with a name |
1966- |
| 9 (RLIN) |
6224284 |
| 700 1# - ADDED ENTRY--PERSONAL NAME |
| Personal name |
Hunter, Holly, |
| Dates associated with a name |
1958- |
| 9 (RLIN) |
31039 |
| 700 1# - ADDED ENTRY--PERSONAL NAME |
| Personal name |
Gyllenhaal, Maggie, |
| Dates associated with a name |
1977- |
| 9 (RLIN) |
68959 |
| 700 1# - ADDED ENTRY--PERSONAL NAME |
| Personal name |
Davis, Viola, |
| Dates associated with a name |
1965- |
| 9 (RLIN) |
5718623 |
| 710 2# - ADDED ENTRY--CORPORATE NAME |
| Corporate name or jurisdiction name as entry element |
Twentieth Century Fox Home Entertainment, Inc. |
| 9 (RLIN) |
61951 |
| 938 ## - |
| -- |
Brodart |
| -- |
BROD |
| -- |
103696210 |
| 942 ## - ADDED ENTRY ELEMENTS (KOHA) |
| Koha item type |
DVD |
| 994 ## - |
| -- |
C0 |
| -- |
UINTA |
| 998 ## - LOCAL CONTROL INFORMATION (RLIN) |
| -- |
a157043 |